Normal view
MARC view
Entry Personal Name
001 - CONTROL NUMBER
- control field: 36637
003 - CONTROL NUMBER IDENTIFIER
- control field: OSt
005 - DATE AND TIME OF LATEST TRANSACTION
- control field: 20230524203914.0
008 - FIXED-LENGTH DATA ELEMENTS
- fixed length control field: 230524|| aca||aabn | a|a d
040 ## - CATALOGING SOURCE
- Original cataloging agency: OSt
- Transcribing agency: OSt
100 ## - HEADING--PERSONAL NAME
- Personal name: Gagan Jain
670 ## - SOURCE DATA FOUND
- Source citation: Work cat.: (OSt)50677: Gagan Jain , Famous People''s Famous Speeches
